[Event "FRA-chT2 0910"]
[Site "France"]
[Date "2009.11.22"]
[Round "4.2"]
[White "Lupu, Mircea Sergiu"]
[Black "Briet, Antoine"]
[Result "1/2-1/2"]
[WhiteElo "2436"]
[BlackElo "2201"]
[PlyCount "90"]
[EventDate "2009.09.27"]
[EventType "team"]
[EventRounds "11"]
[EventCountry "FRA"]
[SourceDate "2009.07.26"]
[WhiteTeam "Meaux"]

1. Nf3 Nf6 2. g3 g6 3. Bg2 Bg7 4. O-O O-O 5. d4 d6 6. Re1 Nbd7 7. e4 e5 8. c3
c6 9. a4 b6 10. Nbd2 Qc7 11. b3 a5 12. Bb2 Bb7 13. Qc2 Rfe8 14. Rad1 Rad8 15.
h3 h6 16. Kh2 d5 17. Nxe5 Nxe5 18. dxe5 Nxe4 19. Nxe4 dxe4 20. Rxd8 Qxd8 21. c4
Bxe5 22. Bxe5 Rxe5 23. Rxe4 Qe7 24. Rxe5 Qxe5 25. Qd2 Qe7 26. Qxh6 c5 27. Bxb7
Qxb7 28. Qf4 Kg7 29. Qe5+ Kh7 30. Qf6 Kg8 31. h4 Qc7 32. Kg1 Qb7 33. Qg5 Qe4
34. Qd8+ Kg7 35. Qxb6 Qe1+ 36. Kg2 Qe4+ 37. Kh2 Qf5 38. Kg1 Qb1+ 39. Kg2 Qe4+
40. Kf1 Qb1+ 41. Ke2 Qc2+ 42. Ke3 Qc3+ 43. Kf4 Qd4+ 44. Kf3 Qd3+ 45. Kg2 Qe4+
1/2-1/2

[Event "FRA-chT2 0910"]
[Site "France"]
[Date "2009.11.22"]
[Round "4.4"]
[White "Luce, Sebastien"]
[Black "Wohlfart, Paulus"]
[Result "1/2-1/2"]
[WhiteElo "2331"]
[BlackElo "2227"]
[PlyCount "92"]
[EventDate "2009.09.27"]
[EventType "team"]
[EventRounds "11"]
[EventCountry "FRA"]
[SourceDate "2009.07.26"]

1. Nf3 f5 2. d4 Nf6 3. g3 g6 4. c4 Bg7 5. Nc3 O-O 6. Bg2 d6 7. O-O c6 8. b3 Na6
9. Bb2 Bd7 10. Re1 Ne4 11. e3 b5 12. Nd2 bxc4 13. Nxc4 Nb4 14. f3 Nf6 15. a3
Nbd5 16. b4 Be6 17. Nxd5 Bxd5 18. Rc1 Qd7 19. Qd3 Rac8 20. Na5 Rc7 21. e4 Be6
22. exf5 Bxf5 23. Qd2 h5 24. f4 d5 25. Nb3 Qd6 26. Nc5 h4 27. Qe3 Ng4 28. Qe2
hxg3 29. hxg3 g5 30. Ne6 Bxe6 31. Qxe6+ Qxe6 32. Rxe6 gxf4 33. gxf4 Rxf4 34.
Bxd5 Kf8 35. Rcxc6 Rxc6 36. Rxc6 Bxd4+ 37. Bxd4 Rxd4 38. Be6 Ne5 39. Ra6 Rd6
40. Rxd6 exd6 41. Kf2 Ke7 42. Bd5 Kd7 43. Ke3 Kc7 44. Kd4 Kb6 45. a4 a5 46.
bxa5+ Kxa5 1/2-1/2

[Event "FRA-chT2 0910"]
[Site "France"]
[Date "2009.11.22"]
[Round "4.6"]
[White "Leloup, Emmanuel"]
[Black "Labadie, Jean Jacques"]
[Result "1/2-1/2"]
[WhiteElo "2031"]
[BlackElo "2032"]
[PlyCount "39"]
[EventDate "2009.09.27"]
[EventType "team"]
[EventRounds "11"]
[EventCountry "FRA"]
[SourceDate "2009.07.26"]

1. e4 e6 2. d4 d5 3. Nd2 a6 4. Ngf3 c5 5. exd5 exd5 6. Be2 Nf6 7. O-O Be7 8.
dxc5 Bxc5 9. Nb3 Ba7 10. Bg5 Be6 11. Nbd4 O-O 12. c3 Nbd7 13. Bd3 Qc7 14. Qc2
Rfe8 15. Rae1 Bg4 16. Bh4 Bxf3 17. Nxf3 Qc6 18. Qb1 g6 19. Rxe8+ Rxe8 20. Re1
1/2-1/2

[Event "FRA-chT2 0910"]
[Site "France"]
[Date "2009.11.22"]
[Round "4.7"]
[White "Janus, Gregory"]
[Black "Culcer, Ioana"]
[Result "1-0"]
[WhiteElo "1520"]
[BlackElo "1460"]
[PlyCount "100"]
[EventDate "2009.09.27"]
[EventType "team"]
[EventRounds "11"]
[EventCountry "FRA"]
[SourceDate "2009.07.26"]

1. d4 c5 2. dxc5 e6 3. c4 Bxc5 4. Nc3 Nf6 5. e3 O-O 6. Nf3 d6 7. Qc2 h6 8. Bd2
Bd7 9. h3 Nc6 10. a3 Qc7 11. b4 Bb6 12. Nb5 Qb8 13. Be2 a6 14. Nc3 Bc7 15. O-O
Ne7 16. Rad1 b5 17. Bc1 Rd8 18. cxb5 axb5 19. Nd4 d5 20. Ndxb5 Bxb5 21. Nxb5
Bh2+ 22. Kh1 Ne4 23. Nd4 Rc8 24. Qb2 Be5 25. Qb1 Nc3 26. Qd3 Nxd1 27. Rxd1 Rc4
28. Nf3 Qc7 29. Qd2 Bc3 30. Qd3 Rc8 31. Qb1 Rc6 32. b5 Rb6 33. a4 Nc6 34. Bb2
Bxb2 35. Qxb2 Na5 36. Qd2 Nb3 37. Qb2 Nc5 38. a5 Rbb8 39. b6 Ne4 40. Kg1 Nc3
41. Ra1 Nxe2+ 42. Qxe2 Qc3 43. Rb1 Rc5 44. a6 Rxb6 45. Rxb6 Qa1+ 46. Kh2 Rc7
47. Rb7 Rc8 48. a7 Ra8 49. Rb8+ Rxb8 50. axb8=Q+ Kh7 1-0

[Event "FRA-chT2 0910"]
[Site "France"]
[Date "2009.11.22"]
[Round "4.8"]
[White "Vaast, Jean"]
[Black "Billard, Isabelle"]
[Result "1-0"]
[WhiteElo "1533"]
[BlackElo "1428"]
[PlyCount "99"]
[EventDate "2009.09.27"]
[EventType "team"]
[EventRounds "11"]
[EventCountry "FRA"]
[SourceDate "2009.07.26"]

1. b4 e5 2. Bb2 Nc6 3. b5 Nd4 4. e3 Ne6 5. Bxe5 d6 6. Bb2 Nf6 7. c4 g6 8. Nf3
Bg7 9. Be2 O-O 10. O-O Bd7 11. Nc3 c6 12. a4 Qc7 13. d4 Rfe8 14. Qc2 Rad8 15.
Rfd1 Bc8 16. Nd2 Nd7 17. Rab1 Rf8 18. Ba3 f5 19. Bf3 Nf6 20. Qb3 Kh8 21. Ne2
Rf7 22. Rdc1 Ng5 23. b6 Nxf3+ 24. Nxf3 axb6 25. Qxb6 d5 26. Nf4 Qxb6 27. Rxb6
Ne4 28. cxd5 cxd5 29. Nxd5 Bf8 30. Bxf8 Rdxf8 31. Ne5 Rg7 32. f3 Ng5 33. Nc3
Rc7 34. Nd3 Re8 35. Kf2 Ne6 36. Rbb1 Kg7 37. Nb5 Rxc1 38. Rxc1 Rd8 39. Nb4 Kf8
40. d5 Ng5 41. Rc7 Nf7 42. Na7 Nd6 43. Rxh7 Bd7 44. Nb5 Nxb5 45. axb5 Bxb5 46.
Rxb7 Bc4 47. e4 fxe4 48. fxe4 Kg8 49. Ke3 Rf8 50. d6 1-0

[Event "FRA-chT2 0910"]
[Site "France"]
[Date "2009.12.12"]
[Round "5.1"]
[White "Serafimov, Tervel"]
[Black "Anka, Emil"]
[Result "1/2-1/2"]
[WhiteElo "2415"]
[BlackElo "2390"]
[PlyCount "21"]
[EventDate "2009.09.27"]
[EventType "team"]
[EventRounds "11"]
[EventCountry "FRA"]
[SourceDate "2009.07.26"]
[BlackTeam "Mundolsheim"]

1. c4 e5 2. Nc3 Nf6 3. g3 d5 4. cxd5 Nxd5 5. Bg2 Nb6 6. Nf3 Nc6 7. Rb1 Be7 8.
b4 Bf5 9. b5 Nd4 10. d3 Nxf3+ 11. Bxf3 1/2-1/2

[Event "FRA-chT2 0910"]
[Site "France"]
[Date "2009.12.12"]
[Round "5.2"]
[White "Vicol, Dorian"]
[Black "Serafimov, Dimitar"]
[Result "0-1"]
[WhiteElo "2373"]
[BlackElo "2222"]
[PlyCount "42"]
[EventDate "2009.09.27"]
[EventType "team"]
[EventRounds "11"]
[EventCountry "FRA"]
[SourceDate "2009.07.26"]
[WhiteTeam "Mundolsheim"]
[BlackTeam "Colmar"]

1. e4 c6 2. d4 d5 3. Nc3 dxe4 4. Nxe4 Bf5 5. Nc5 b6 6. Nb3 e6 7. Nf3 Bd6 8. g3
Ne7 9. Bg2 h6 10. O-O Nd7 11. Qe2 Qc7 12. Rd1 (12. Re1) 12... O-O 13. c4 Rad8
14. Be3 Qb8 15. c5 Bc7 16. Nh4 Bh7 17. cxb6 axb6 18. Rdc1 g5 19. Nf3 Be4 $6 20.
h4 $36 Kg7 21. hxg5 hxg5 {suite illisible} 0-1

[Event "FRA-chT2 0910"]
[Site "France"]
[Date "2009.12.12"]
[Round "5.3"]
[White "Mathis, Julien"]
[Black "Briet, Antoine"]
[Result "0-1"]
[WhiteElo "1986"]
[BlackElo "2201"]
[PlyCount "44"]
[EventDate "2009.09.27"]
[EventType "team"]
[EventRounds "11"]
[EventCountry "FRA"]
[SourceDate "2009.07.26"]

1. c4 Nf6 2. g3 g6 3. Bg2 Bg7 4. Nc3 O-O 5. e4 d6 6. Nge2 c5 7. O-O Nc6 8. d3
Rb8 9. f4 a6 10. h3 Ne8 11. Be3 Nd4 12. Rb1 b5 13. cxb5 axb5 14. b4 Nc7 15. Bf2
Nxe2+ 16. Nxe2 cxb4 17. Rxb4 Na6 18. Rb1 Qa5 19. Nd4 Bd7 20. Nb3 Qa3 21. Bd4
Bxd4+ 22. Nxd4 Qc5 0-1

[Event "FRA-chT2 0910"]
[Site "France"]
[Date "2009.12.12"]
[Round "5.5"]
[White "Gorse, Gerard"]
[Black "Duchateau, Thomas"]
[Result "1/2-1/2"]
[WhiteElo "2025"]
[BlackElo "2147"]
[PlyCount "54"]
[EventDate "2009.09.27"]
[EventType "team"]
[EventRounds "11"]
[EventCountry "FRA"]
[SourceDate "2009.07.26"]

1. d4 Nf6 2. c4 c5 3. Nf3 e6 4. g3 cxd4 5. Nxd4 Bb4+ 6. Bd2 Bxd2+ 7. Qxd2 d5 8.
Bg2 O-O 9. cxd5 Nxd5 10. Nc3 Nxc3 11. Qxc3 Qb6 12. O-O Bd7 13. Rfd1 Rc8 14. Qb3
Bc6 15. Rac1 g6 16. Qxb6 axb6 17. a3 Rd8 18. Nxc6 Rxd1+ 19. Rxd1 Nxc6 20. Rd7
Na5 21. Rd4 Rc8 22. Bf3 Rc1+ 23. Kg2 Nc4 24. Bxb7 Nxb2 25. Rb4 Nc4 26. a4 Rc2
27. Ba6 Nb2 1/2-1/2

[Event "FRA-chT2 0910"]
[Site "France"]
[Date "2009.12.12"]
[Round "5.6"]
[White "Hoffmann, Regis"]
[Black "Borni, Jean Bernard"]
[Result "1/2-1/2"]
[WhiteElo "2115"]
[BlackElo "2029"]
[PlyCount "37"]
[EventDate "2009.09.27"]
[EventType "team"]
[EventRounds "11"]
[EventCountry "FRA"]
[SourceDate "2009.07.26"]

1. d4 d5 2. Bf4 Nf6 3. e3 e6 4. Nd2 Be7 5. Bd3 Nbd7 6. h3 b6 7. Ngf3 Bb7 8. Ne5
Nxe5 9. dxe5 Ne4 10. c3 Nxd2 11. Qxd2 Qd7 12. Qe2 c5 13. Rd1 Qc7 14. Bh2 g6 15.
O-O O-O 16. f4 Rfd8 17. c4 dxc4 18. Bxc4 Qc6 19. Bb5 1/2-1/2

[Event "FRA-chT2 0910"]
[Site "France"]
[Date "2009.12.12"]
[Round "5.7"]
[White "Bureau, Frederic"]
[Black "Labadie, Jean Jacques"]
[Result "1-0"]
[WhiteElo "2073"]
[BlackElo "2032"]
[PlyCount "49"]
[EventDate "2009.09.27"]
[EventType "team"]
[EventRounds "11"]
[EventCountry "FRA"]
[SourceDate "2009.07.26"]

1. d4 d5 2. Nf3 Nf6 3. Bf4 e6 4. e3 c5 5. c3 Nc6 6. Bd3 Be7 7. Nbd2 b6 8. h3 h6
9. O-O O-O 10. Qe2 Re8 11. Rad1 Bd6 12. Bb5 Qc7 13. Bxd6 Qxd6 14. e4 Qc7 15. e5
Nd7 16. a3 a6 17. Bd3 c4 18. Bb1 b5 19. Nh2 Na5 20. Qh5 Nf8 21. Ng4 Qe7 22. f4
Bd7 23. Rf3 f5 24. exf6 Qxf6 25. Nxf6+ 1-0

[Event "FRA-chT2 0910"]
[Site "France"]
[Date "2009.12.12"]
[Round "5.8"]
[White "Billard, Isabelle"]
[Black "Joguet, Myriam"]
[Result "1/2-1/2"]
[WhiteElo "1428"]
[BlackElo "1770"]
[PlyCount "61"]
[EventDate "2009.09.27"]
[EventType "team"]
[EventRounds "11"]
[EventCountry "FRA"]
[SourceDate "2009.07.26"]

1. e4 b6 2. d4 e6 3. Bd3 Bb7 4. Nf3 Nf6 5. Qe2 Be7 6. O-O O-O 7. e5 Nd5 8. Be4
f5 9. exf6 Bxf6 10. Rd1 Nc6 11. a3 Nde7 12. c3 Nf5 13. Nbd2 Nd6 14. Bc2 Ne7 15.
Nf1 Nef5 16. Bf4 Nh4 17. Nxh4 Bxh4 18. Bg3 Nf5 19. Qd3 Bxg3 20. Nxg3 Qg5 21.
Re1 Qg4 22. Re2 h5 23. f3 Qg5 24. Nxf5 Rxf5 25. Rf1 Raf8 26. Ref2 h4 27. h3
R8f6 28. Qc4 Rxf3 29. Qxc7 Rxf2 30. Qd8+ Kf7 31. Qxd7+ 1/2-1/2

[Event "FRA-chT2 0910"]
[Site "France"]
[Date "2009.12.12"]
[Round "5.1"]
[White "Dubreuil, Julien"]
[Black "Karpatchev, Aleksandr"]
[Result "0-1"]
[WhiteElo "2249"]
[BlackElo "2496"]
[PlyCount "78"]
[EventDate "2009.09.27"]
[EventType "team"]
[EventRounds "11"]
[EventCountry "FRA"]
[SourceDate "2009.07.26"]
[BlackTeam "Bischwiller"]

1. d4 d5 2. Nf3 Nf6 3. c4 dxc4 4. e3 Bg4 5. Bxc4 e6 6. Nc3 a6 7. h3 Bh5 8. g4
Bg6 9. Ne5 Nbd7 10. Nxg6 hxg6 11. Bf1 c6 12. Bg2 Qc7 13. g5 Nh5 14. Qg4 Bd6 15.
f4 c5 16. d5 e5 17. Ne4 exf4 18. Nxd6+ Qxd6 19. exf4 O-O 20. O-O Rae8 21. Bd2
Nb6 22. f5 Nxd5 23. Rad1 Ng3 24. Bf4 Qxf4 25. Rxf4 Nxf4 26. Bf3 Nfe2+ 27. Bxe2
Nxe2+ 28. Kf2 Nd4 29. Rd2 gxf5 30. Qg3 g6 31. h4 Re4 32. h5 gxh5 33. Qd6 Ne6
34. Re2 Nxg5 35. Qh6 Rf4+ 36. Ke1 Rg4 37. Qxh5 Rd8 38. Rf2 Ne4 39. Rxf5 Rg1+
0-1

[Event "FRA-chT2 0910"]
[Site "France"]
[Date "2009.12.12"]
[Round "5.3"]
[White "Cursoux, Laurent"]
[Black "Lutz, Eric"]
[Result "1-0"]
[WhiteElo "2237"]
[BlackElo "2232"]
[PlyCount "101"]
[EventDate "2009.09.27"]
[EventType "team"]
[EventRounds "11"]
[EventCountry "FRA"]
[SourceDate "2009.07.26"]

1. e4 c5 2. Nf3 e6 3. c3 Nc6 4. d4 d5 5. exd5 Qxd5 6. Be2 cxd4 7. cxd4 Nf6 8.
O-O Be7 9. Bf4 O-O 10. Nc3 Qf5 11. Bg3 a6 12. a3 Rd8 13. Bd3 Qh5 14. Ne2 Nd5
15. h3 Bf6 16. Be4 Nde7 17. Rc1 Qb5 18. b4 Qb6 19. Qc2 g6 20. Rfd1 a5 21. Qc5
Qxc5 22. bxc5 Nf5 23. Bxf5 gxf5 24. Rb1 a4 25. Bd6 Be7 26. Bxe7 Nxe7 27. Nc3
Nd5 28. Nxd5 Rxd5 29. Ne5 Ra7 30. Nc4 Bd7 31. Nb6 Bc6 32. Nxd5 Bxd5 33. Rb4 Kf8
34. f4 Ke7 35. Kf2 Kd7 36. g4 fxg4 37. hxg4 Ra8 38. Rd3 Rg8 39. Rg3 Bc6 40. g5
Ke7 41. Rh3 Rg7 42. Rh6 Kf8 43. Ke3 Kg8 44. Rb2 Rg6 45. Rbh2 f6 46. Rxh7 fxg5
47. Rh8+ Kf7 48. R2h7+ Rg7 49. fxg5 Rxh7 50. Rxh7+ Kg6 51. Rh6+ 1-0

[Event "FRA-chT2 0910"]
[Site "France"]
[Date "2009.12.12"]
[Round "5.5"]
[White "Bellet, Georges"]
[Black "Bellahcene, Bilel"]
[Result "0-1"]
[WhiteElo "2154"]
[BlackElo "2010"]
[PlyCount "88"]
[EventDate "2009.09.27"]
[EventType "team"]
[EventRounds "11"]
[EventCountry "FRA"]
[SourceDate "2009.07.26"]

1. e4 c5 2. f4 Nc6 3. Nf3 g6 4. g3 Bg7 5. Bg2 d6 6. c3 d5 7. e5 Bf5 8. d4 c4 9.
O-O Qd7 10. b3 cxb3 11. axb3 Nh6 12. Re1 O-O 13. Nbd2 Bh3 14. Bh1 Bg4 15. Nf1
Nf5 16. Bg2 e6 17. h3 Bxf3 18. Bxf3 f6 19. exf6 Bxf6 20. Kh2 Rac8 21. Ra2 b5
22. b4 Nce7 23. Bd2 Rc6 24. Qe2 a6 25. Ne3 Nxe3 26. Qxe3 Nf5 27. Qf2 Kh8 28.
Rea1 Qc8 29. Be2 Bg7 30. Bd3 Nd6 31. Qe2 Rd8 32. Be1 Rf8 33. h4 Nf5 34. h5 gxh5
35. Qxh5 e5 36. Bxf5 Rxf5 37. Qg4 Rg6 38. Qf3 e4 39. Qe3 Rh5+ 40. Kg1 Rgh6 41.
Rg2 Qc4 42. Kf2 Rh1 43. Qe2 e3+ 44. Kf3 Rf1+ 0-1

[Event "FRA-chT2 0910"]
[Site "France"]
[Date "2009.12.12"]
[Round "5.6"]
[White "Heinrich, Nicolas"]
[Black "L'Hermitte, Emmanuel"]
[Result "1/2-1/2"]
[WhiteElo "1955"]
[BlackElo "2030"]
[PlyCount "72"]
[EventDate "2009.09.27"]
[EventType "team"]
[EventRounds "11"]
[EventCountry "FRA"]
[SourceDate "2009.07.26"]

1. d4 Nf6 2. c3 e6 3. e3 c5 4. f4 b6 5. Nf3 Bb7 6. Bd3 Be7 7. O-O O-O 8. Nbd2
d5 9. Ne5 Ne4 10. Qf3 f6 11. Ng4 f5 12. Ne5 Nd7 13. Qe2 Nxe5 14. fxe5 Qe8 15.
Bb5 Qg6 16. Nxe4 fxe4 17. Bd2 c4 18. Rxf8+ Rxf8 19. Rf1 a6 20. Rxf8+ Bxf8 21.
Ba4 b5 22. Bd1 Be7 23. Qh5 Qxh5 24. Bxh5 g6 25. Bg4 Kf7 26. Kf2 a5 27. a3 Bc8
28. Kg3 Ke8 29. Bd1 Bd7 30. Be1 Kd8 31. Kg4 h5+ 32. Kh3 Bg5 33. Bh4 Bxh4 34.
Kxh4 Ke7 35. Kg5 Kf7 36. Kh6 Be8 1/2-1/2

[Event "FRA-chT2 0910"]
[Site "France"]
[Date "2009.12.12"]
[Round "5.7"]
[White "Meunier, Clement"]
[Black "Barbaras, Mathieu"]
[Result "1-0"]
[WhiteElo "1876"]
[BlackElo "1908"]
[PlyCount "47"]
[EventDate "2009.09.27"]
[EventType "team"]
[EventRounds "11"]
[EventCountry "FRA"]
[SourceDate "2009.07.26"]

1. e4 c5 2. Ne2 Nc6 3. Nbc3 g6 4. g3 Bg7 5. Bg2 d6 6. O-O e6 7. d3 Nge7 8. Be3
O-O 9. Qd2 Nd4 10. Nd1 Nec6 11. c3 Nxe2+ 12. Qxe2 e5 13. f4 f5 14. exf5 Bxf5
15. Bd5+ Kh8 16. Nf2 Re8 17. Qf3 Qc7 18. g4 Bd7 19. f5 Rf8 20. Ne4 gxf5 21. Ng5
fxg4 22. Qe4 Bf5 23. Rxf5 Rxf5 24. Qxf5 1-0

[Event "FRA-chT2 0910"]
[Site "France"]
[Date "2009.12.12"]
[Round "5.8"]
[White "Fischer, Julie"]
[Black "Cuffaro, Laetitia"]
[Result "1-0"]
[WhiteElo "1707"]
[BlackElo "1570"]
[PlyCount "91"]
[EventDate "2009.09.27"]
[EventType "team"]
[EventRounds "11"]
[EventCountry "FRA"]
[SourceDate "2009.07.26"]

1. e4 d6 2. d4 Nf6 3. Nc3 g6 4. Bc4 Bg7 5. f4 Nxe4 6. Bxf7+ Kxf7 7. Nxe4 Rf8 8.
Nf3 Bf5 9. Ng3 Bg4 10. Ng5+ Kg8 11. Qxg4 Qd7 12. Qxd7 Nxd7 13. Be3 Rfc8 14.
O-O-O Nb6 15. d5 Bxb2+ 16. Kxb2 Nc4+ 17. Kc3 Nxe3 18. Rd2 Ng4 19. h3 Nf6 20.
N3e4 Nh5 21. Ne6 c6 22. Kb2 cxd5 23. Rxd5 Rc4 24. Re1 Rac8 25. c3 R4c6 26. g4
Nf6 27. Nxf6+ exf6 28. Rd3 Re8 29. Rde3 Rec8 30. Nd4 R6c7 31. Re8+ Rxe8 32.
Rxe8+ Kf7 33. Rh8 Kg7 34. Ne6+ Kxh8 35. Nxc7 Kg8 36. Nb5 h6 37. Nxd6 b6 38. Nc8
Kf8 39. Nxa7 Kf7 40. Nc8 Ke6 41. Nxb6 h5 42. a4 h4 43. a5 Kd6 44. a6 Kc6 45. a7
Kxb6 46. a8=Q 1-0

[Event "FRA-chT2 0910"]
[Site "France"]
[Date "2009.12.12"]
[Round "5.1"]
[White "Maatoug, Redwan"]
[Black "Pytel, Krzysztof"]
[Result "1-0"]
[WhiteElo "2214"]
[BlackElo "2383"]
[PlyCount "57"]
[EventDate "2009.09.27"]
[EventType "team"]
[EventRounds "11"]
[EventCountry "FRA"]
[SourceDate "2009.07.26"]
[BlackTeam "Livry Gargan"]

1. Nf3 Nf6 2. g3 d5 3. Bg2 c6 4. O-O Bf5 5. b3 e6 6. Bb2 h6 7. d3 Be7 8. Nbd2
O-O 9. Re1 a5 10. a4 c5 11. e4 Bh7 12. Ne5 Na6 13. Ng4 Nb4 14. exd5 exd5 15.
Rxe7 Qxe7 16. Nxf6+ gxf6 17. Qh5 d4 18. Qxh6 Nxc2 19. Ne4 Bg6 20. Rc1 f5 21.
Ng5 Ne1 22. Bd5 Qd6 23. Be6 Nf3+ 24. Kg2 Ne5 25. f4 Qc6+ 26. Kg1 Rfe8 27. Bxd4
cxd4 28. Rxc6 Rxe6 29. Rxe6 1-0

[Event "FRA-chT2 0910"]
[Site "France"]
[Date "2009.12.12"]
[Round "5.2"]
[White "Velasco, Santiago"]
[Black "Becker, Thomas"]
[Result "1-0"]
[WhiteElo "2268"]
[BlackElo "2169"]
[PlyCount "67"]
[EventDate "2009.09.27"]
[EventType "team"]
[EventRounds "11"]
[EventCountry "FRA"]
[SourceDate "2009.07.26"]

1. e4 g6 2. d4 Bg7 3. Nc3 d6 4. Be3 a6 5. Qd2 Nc6 6. d5 Ne5 7. f4 Nd7 8. Bd4
Ngf6 9. Nf3 c5 10. dxc6 bxc6 11. e5 dxe5 12. fxe5 Ng4 13. e6 Nde5 14. exf7+ Kf8
15. O-O-O c5 16. Bxe5 Qxd2+ 17. Rxd2 Nxe5 18. Rd8+ Kxf7 19. Ng5+ Kf6 20. Nce4+
Kf5 21. Rd2 Ng4 22. Rd5+ Be5 23. Bd3 Ne3 24. Rxc5 Bb7 25. Nf7 Bxe4 26. Rxe5+
Kf6 27. Rxe4 Kxf7 28. Rxe3 Ra7 29. Rf1+ Kg7 30. Re6 Rha8 31. a4 a5 32. Bb5 Rc8
33. Rc6 Rd8 34. Rd1 1-0

[Event "FRA-chT2 0910"]
[Site "France"]
[Date "2009.12.12"]
[Round "5.3"]
[White "Mayer, Jean Marc"]
[Black "Eusebe, Aurelien"]
[Result "0-1"]
[WhiteElo "2223"]
[BlackElo "2239"]
[PlyCount "66"]
[EventDate "2009.09.27"]
[EventType "team"]
[EventRounds "11"]
[EventCountry "FRA"]
[SourceDate "2009.07.26"]

1. d4 d5 2. c4 e6 3. Nf3 Nf6 4. Nc3 c6 5. Bf4 dxc4 6. e3 b5 7. Bxb8 Rxb8 8. Ne5
Bb7 9. Be2 Bb4 10. O-O O-O 11. Rc1 a6 12. Bf3 Qd6 13. Qc2 Bxc3 14. Qxc3 Nd5 15.
Qd2 f6 16. Ng4 h5 17. Nh6+ gxh6 18. e4 Nf4 19. Qe3 Kg7 20. Rc3 e5 21. Rd1 Nd3
22. dxe5 Qxe5 23. Be2 Nf4 24. Bf1 Rfd8 25. Rxd8 Rxd8 26. Qb6 Rd7 27. Rg3+ Kh7
28. Qe3 Rd4 29. Rf3 Rxe4 30. Qa7 Qe7 31. Qb8 Ng6 32. h3 c5 33. Rf5 Re5 0-1

[Event "FRA-chT2 0910"]
[Site "France"]
[Date "2009.12.12"]
[Round "5.4"]
[White "Coudray, Frederic"]
[Black "Schmidt, Martin"]
[Result "0-1"]
[WhiteElo "2043"]
[BlackElo "2004"]
[PlyCount "74"]
[EventDate "2009.09.27"]
[EventType "team"]
[EventRounds "11"]
[EventCountry "FRA"]
[SourceDate "2009.07.26"]

1. e4 e5 2. Nf3 Nc6 3. Nc3 Nf6 4. Bb5 Bc5 5. O-O d6 6. d4 exd4 7. Nxd4 Bd7 8.
Nb3 a6 9. Nxc5 dxc5 10. Be2 Nd4 11. Bg5 h6 12. Bxf6 Qxf6 13. Nd5 Qd6 14. Re1
O-O-O 15. c3 Nxe2+ 16. Qxe2 Rhe8 17. Rad1 f5 18. e5 Qc6 19. c4 Be6 20. Qf3 g5
21. Rd2 g4 22. Qd3 Rd7 23. Red1 b5 24. b3 Kb7 25. Qc2 Red8 26. Ne3 Rxd2 27.
Rxd2 Rxd2 28. Qxd2 Qe4 29. cxb5 axb5 30. Qb2 f4 31. Qc2 Qd5 32. Nf1 c4 33. Nd2
Bf5 34. Qd1 c3 35. Nf1 c2 36. Qd2 Qd6 37. Qc3 Qc6 0-1

[Event "FRA-chT2 0910"]
[Site "France"]
[Date "2009.12.12"]
[Round "5.5"]
[White "Kreuscher, Wolfgang"]
[Black "Landie, Thibault"]
[Result "1/2-1/2"]
[WhiteElo "2038"]
[BlackElo "2133"]
[PlyCount "61"]
[EventDate "2009.09.27"]
[EventType "team"]
[EventRounds "11"]
[EventCountry "FRA"]
[SourceDate "2009.07.26"]

1. e4 e5 2. f4 d5 3. exd5 c6 4. Nc3 exf4 5. Nf3 Nf6 6. d4 Nxd5 7. Nxd5 Qxd5 8.
Bxf4 Bf5 9. Bd3 Be7 10. O-O Bxd3 11. Qxd3 O-O 12. Rae1 Bf6 13. Be5 Nd7 14. Bxf6
Nxf6 15. c4 Qd6 16. Ng5 Rfe8 17. Ne4 Nxe4 18. Rxe4 Rxe4 19. Qxe4 Rd8 20. Rd1
Qe6 21. Qxe6 fxe6 22. Kf2 Kf7 23. Ke3 Ke7 24. Rf1 e5 25. Rd1 exd4+ 26. Rxd4
Rxd4 27. Kxd4 Kd6 28. b4 b6 29. Ke4 Ke6 30. h4 g6 31. g4 1/2-1/2

[Event "FRA-chT2 0910"]
[Site "France"]
[Date "2009.12.12"]
[Round "5.6"]
[White "Loukili, Abdelillah"]
[Black "Mourot, Clara"]
[Result "1-0"]
[WhiteElo "2108"]
[BlackElo "1980"]
[PlyCount "75"]
[EventDate "2009.09.27"]
[EventType "team"]
[EventRounds "11"]
[EventCountry "FRA"]
[SourceDate "2009.07.26"]

1. d4 Nf6 2. Nf3 c5 3. d5 g6 4. c4 Bg7 5. Nc3 O-O 6. e4 d6 7. h3 Na6 8. Be2 Nc7
9. O-O Bd7 10. a4 b6 11. Bf4 a6 12. e5 Nh5 13. Bh2 Bh6 14. exd6 exd6 15. Bxd6
Bxa4 16. Qxa4 Qxd6 17. Ne4 Qd8 18. Qc6 f5 19. Nc3 Rf6 20. Qa4 Nf4 21. Rfe1 Qd6
22. Bf1 Bg7 23. Re3 Rff8 24. Rae1 Bd4 25. Re7 Bxc3 26. bxc3 Rf7 27. R7e3 b5 28.
Qa2 Nh5 29. Ng5 Rff8 30. Re7 Nf6 31. Qa5 Rfe8 32. Nf7 Qxe7 33. Rxe7 Rxe7 34.
Nh6+ Kg7 35. d6 Rd7 36. dxc7 Kxh6 37. Qb6 Ne8 38. Qc6 1-0

[Event "FRA-chT2 0910"]
[Site "France"]
[Date "2009.12.12"]
[Round "5.7"]
[White "Toth, Charles"]
[Black "Pytel, Bozena"]
[Result "0-1"]
[WhiteElo "1792"]
[BlackElo "1955"]
[PlyCount "82"]
[EventDate "2009.09.27"]
[EventType "team"]
[EventRounds "11"]
[EventCountry "FRA"]
[SourceDate "2009.07.26"]

1. Nc3 f5 2. e4 d6 3. Nf3 e5 4. exf5 Bxf5 5. Bc4 c6 6. Bxg8 Rxg8 7. Qe2 Qe7 8.
d3 Nd7 9. O-O O-O-O 10. Bg5 Nf6 11. Nd4 exd4 12. Ne4 h6 13. Bf4 Nxe4 14. dxe4
Qxe4 15. Qd2 g5 16. Bg3 Qd5 17. Rac1 a6 18. f3 Be7 19. c4 dxc3 20. Qxc3 Qc5+
21. Bf2 Qxc3 22. Rxc3 Kb8 23. Ra3 b6 24. Re1 Bf6 25. b4 Rge8 26. Rd1 d5 27.
Bg3+ Kb7 28. f4 Re2 29. fxg5 Bxg5 30. Rf1 Be6 31. Raf3 d4 32. h4 Be3+ 33. Kh2
Rxa2 34. Rf6 Bd5 35. Bf2 Bxf2 36. R6xf2 Rxf2 37. Rxf2 Rg8 38. g3 d3 39. Rf4 Re8
40. Rd4 Re2+ 41. Kg1 Rg2+ 0-1

[Event "FRA-chT2 0910"]
[Site "France"]
[Date "2009.12.12"]
[Round "5.3"]
[White "Shchekachev, Andrei"]
[Black "Chernov, Vadim"]
[Result "0-1"]
[WhiteElo "2539"]
[BlackElo "2438"]
[PlyCount "93"]
[EventDate "2009.09.27"]
[EventType "team"]
[EventRounds "11"]
[EventCountry "FRA"]
[SourceDate "2009.07.26"]
[WhiteTeam "Meaux"]

1. Nf3 Nf6 2. c4 Nc6 3. g3 e5 4. Bg2 Bc5 5. O-O d6 6. Nc3 O-O 7. d3 h6 8. a3 a6
9. b4 Bb6 10. Bb2 Re8 11. Rc1 Ne7 12. e3 Ng6 13. Nd5 Nxd5 14. cxd5 Bg4 15. h3
Bxf3 16. Qxf3 Qd7 17. Qg4 Qxg4 18. hxg4 a5 19. b5 a4 20. Bc3 Nf8 21. Bf3 Nd7
22. Rc2 Nf6 23. Rb1 Kf8 24. Kg2 Ke7 25. Bd2 Kd7 26. Rc4 Ra7 27. Bc1 Bc5 28. d4
e4 29. dxc5 exf3+ 30. Kxf3 Nxd5 31. e4 Ne7 32. b6 Ra5 33. cxd6 Nc6 34. Rxc6
bxc6 35. dxc7 Rb5 36. Rb2 Rb3+ 37. Kg2 Rxb2 38. Bxb2 f6 39. e5 fxe5 40. Bc1 c5
41. Be3 c4 42. Kf3 Re6 43. Ke4 Rd6 44. Bc5 Rc6 45. Be3 Kc8 46. g5 hxg5 47. Kxe5
0-1